00431nam a22001577a 450000500170000000800410001702000180005804100120007608200140008810000240010224500220012625000190014826000520016730000290021965000250024820250602132221.0250602b |||||||| |||| 00| 0 eng d a9781485133049 aEnglish a344.1 GRO aGrogan, J lEnglish aEmployment Rights aThird Edition  aCape Town: bJuta and Company (Pty) Ltd, c2019 bxv, 457 pages; c26 cm.  aLegal practice bLaw